000 00211nam a22000977a 4500
999 _c16098
_d16098
003 OSt
008 191106b ||||| |||| 00| 0 eng d
100 _aEzhuthachan,K S.
_94544
245 _aVeerahoothi
942 _cBK